[Event "Dzhubga Blitz op"]
[Site "Dzhubga"]
[Date "2023.08.13"]
[Round "5"]
[White "Kaminskii, Daniil"]
[Black "Lipovoy, Danila"]
[Result "0-1"]
[WhiteElo "1448"]
[BlackElo "1898"]
[PlyCount "94"]
[EventDate "2023.08.13"]
[EventType "swiss (blitz)"]
[EventRounds "13"]
[EventCountry "RUS"]
[SourceTitle "CBM 215 Extra"]
[Source "ChessBase"]
[SourceDate "2023.09.30"]
[SourceVersion "1"]
[SourceVersionDate "2023.09.30"]
[SourceQuality "1"]

1. e4 g6 2. Nf3 Bg7 3. d4 c5 4. c3 cxd4 5. cxd4 d5 6. Nc3 dxe4 7. Nxe4 Nf6 8. Nxf6+ Bxf6 9. Be3 0-0 10. Rc1 Nc6 11. h4 Qa5+ 12. Qd2 Qxd2+ 13. Kxd2 Rd8 14. Kc3 Bg4 15. Rd1 Rac8 16. Kb3 Bxf3 17. gxf3 Bxd4 18. Bh3 e6 19. Bg5 Rd5 20. a3 Ne5 21. f4 Nc6 22. Ka2 Rb5 23. b4 a5 24. Bf1 Rd5 25. Bg2 Rd7 26. Bf6 Bxf6 27. Rxd7 axb4 28. axb4 Nxb4+ 29. Kb3 Nc6 30. Rxb7 Na5+ 31. Ka4 Nxb7 32. Bxb7 Rc4+ 33. Kb3 Rxf4 34. f3 Rxh4 35. Rd1 Kg7 36. Be4 Rh2 37. Kc4 h5 38. Kd3 h4 39. Ke3 Rb2 40. f4 h3 41. Kf3 Rb3+ 42. Kg4 Be7 43. f5 exf5+ 44. Bxf5 gxf5+ 45. Kxf5 h2 46. Rh1 Bd6 47. Kg4 Rg3+ 0-1